[Event "Speed Chess Championship 2020"]
[Site "Online"]
[Date "2020.11.02"]
[Round "1.22"]
[White "Nihal Sarin"]
[Black "Vachier-Lagrave, Maxime"]
[Result "1/2-1/2"]
[WhiteElo "2620"]
[BlackElo "2784"]
[Annotator "TA RC"]
[PlyCount "71"]
[EventDate "2020.10.31"]
[EventType "k.o."]

{[%evp 18,71,37,-4,58,58,51,57,63,0,0,2,17,7,21,0,92,0,159,151,151,151,144,148,155,144,190,197,260,233,242,173,401,243,916,910,902,902,894,866,947,924,895,833,875,846,886,853,853,833,827,737,787,784,967,963]} 1. b3 Nf6 2. Bb2 g6 3. Nf3 Bg7 4. g3 O-O 5. Bg2 c5 6. c4 Nc6 7. O-O d6 8. d4 Ne4 9. Nbd2 Bf5 10. e3 Qd7 {[#] E60: King's Indian: Unusual lines and Fianchetto Variation without Nc3.} (10... Qa5 $11) 11. Nh4 $146 ({Predecessor:} 11. Nxe4 Bxe4 12. Ne1 d5 13. f3 cxd4 14. fxe4 dxe4 15. Bxe4 Qe6 16. Bxc6 Qxe3+ 17. Rf2 bxc6 18. Nc2 {1-0 (58) Hohler,P (2171)-Moen,O (2232) Opatija 2013}) 11... Nxd2 12. Qxd2 Bh3 {White is slightly better.} 13. dxc5 (13. d5 $14 Bxg2 14. Bxg7 Kxg7 15. Nxg2) 13... Bxb2 $11 14. Qxb2 {White wants to play Bxh3.} dxc5 15. Rad1 Qe6 16. Rd5 Rad8 (16... b6 $11) 17. Rfd1 (17. Rxc5 $16 Bxg2 18. Nxg2) 17... Rd6 $2 {Black is on the road to losing.} (17... b6 $11) 18. Rxd6 exd6 19. Bxh3 Qxh3 20. Rxd6 Re8 21. Qf6 Ne5 22. Nf3 Ng4 (22... Nxf3+ $142 23. Qxf3 b6) 23. Qf4 $18 b6 24. Rd7 Rf8 $2 (24... Nf6 25. Rd6 (25. Rxa7 Rd8 $11) 25... Nh5) 25. Rxf7 $40 {[%mdl 128] White attacks with force.} Rd8 $2 {[#]} (25... Rxf7 26. Qxf7+ Kxf7 27. Ng5+ {[%mdl 64] [#] Double Attack} Kf6 $1 {[%mdl 512]} 28. Nxh3 g5) 26. Rg7+ $3 {[%mdl 576] Decoy. White is clearly winning.} Kxg7 27. Qc7+ {[%mdl 64] Double Attack} Kh6 28. Qxd8 Kg7 29. Qe7+ Kg8 30. Qxa7 Qh5 31. Qb8+ Kg7 32. Qc7+ Kg8 33. Qxb6 Qf5 34. Qb8+ Kg7 35. Qf4 Qb1+ 36. Kg2 {Av CentiPawn Loss W=-28/B=-65. Weighted=-35/-83} 1/2-1/2

[Event "Speed Chess Championship 2020"]
[Site "Online"]
[Date "2020.11.04"]
[Round "1.23"]
[White "Carlsen, Magnus"]
[Black "Maghsoodloo, Parham"]
[Result "1-0"]
[WhiteElo "2862"]
[BlackElo "2676"]
[Annotator "TA"]
[PlyCount "51"]
[EventDate "2020.10.31"]
[EventType "k.o."]
[SourceTitle "playchess.com"]
[Source "ChessBase"]
[SourceQuality "1"]

{[%evp 13,51,0,0,-4,25,0,8,12,40,6,5,-2,-7,-23,0,-45,-45,-45,-45,-48,-39,-41,-42,-50,-49,-40,0,0,0,0,5,0,0,0,8,8,249,241,460,469]} 1. e4 e6 2. Nc3 {[%cal Bb1c3,Bc3e2,Be2f4][%mdl 32]} d5 3. d4 Nf6 4. e5 Nfd7 5. Nce2 c5 6. c3 Nc6 7. Nf3 Be7 8. a3 {C11: French: Classical System: 4 e5 and 4 Bg5 dxe4.} a5 {[#]} 9. h4 $146 ({Predecessor:} 9. Nf4 Qb6 10. h4 a4 11. Be2 Qb3 12. Qd2 cxd4 13. cxd4 Nb6 14. Nh5 Rg8 15. O-O Nc4 {0-1 (34) Bruzon Batista,L (2657)-Lenderman,A (2640) Philadelphia 2019}) 9... b5 10. Nf4 {The position is equal.} Ba6 11. Bd3 (11. Ng5 $5) 11... Qb6 {[%cal Rc5d4]} 12. Be3 b4 13. Bxa6 Rxa6 14. axb4 axb4 15. O-O O-O 16. Rxa6 Qxa6 17. h5 h6 18. Nh2 bxc3 19. bxc3 Qc4 20. Qg4 {[#] aiming for Nxe6!} cxd4 21. cxd4 {Hoping for Nxe6!} Nxd4 22. Rc1 $40 {[%mdl 128] White has some attack.} Nc2 $1 {[%cal Rc2e3] [#]} 23. Nxe6 $1 {[%csl Ge6][%cal Rg4g7][%mdl 512]} Qxg4 (23... fxe6 24. Qxe6+) 24. Nxg4 Nxe3 $2 (24... fxe6 $11 {and Black has nothing to worry.} 25. Rxc2 Rb8) 25. Nxf8 $18 Kxf8 $2 (25... Bxf8 26. Nxe3 d4) 26. Rc8+ {Av CentiPawn Loss W=-7/B=-33. Weighted=-8/-55} ({Weaker is} 26. Nxe3 Ba3 $18) ({Not} 26. fxe3 Bc5 $16) 1-0

[Event "Speed Chess Championship 2020"]
[Site "Online"]
[Date "2020.11.08"]
[Round "1.23"]
[White "So, Wesley"]
[Black "Abdusattorov, Nodirbek"]
[Result "1/2-1/2"]
[WhiteElo "2816"]
[BlackElo "2662"]
[Annotator "ChessBase"]
[PlyCount "36"]
[EventDate "2020.10.31"]
[EventType "k.o."]
[SourceTitle "playchess.com"]
[Source "ChessBase"]
[SourceQuality "1"]
[TimeControl "60+1"]

1. e4 {[%emt 0:00:01]} c5 {[%emt 0:00:01]} 2. Nf3 {[%emt 0:00:02]} d6 {[%emt 0:00:00]} 3. d4 {[%emt 0:00:00]} cxd4 {[%emt 0:00:00]} 4. Nxd4 {[%emt 0:00:00]} e5 {[%emt 0:00:00]} 5. Bb5+ {[%emt 0:00:02]} Bd7 {[%emt 0:00:02]} 6. Bxd7+ {[%emt 0:00:01]} Qxd7 {[%emt 0:00:00]} 7. Nf5 {[%emt 0:00:05]} Nf6 {[%emt 0:00:01]} 8. Nc3 {[%emt 0:00:05]} Nxe4 {[%emt 0:00:00]} 9. Nxg7+ {[%emt 0:00:03]} Bxg7 {[%emt 0:00:00]} 10. Nxe4 {[%emt 0:00:01]} d5 {[%emt 0:00:00]} 11. Bh6 {[%emt 0:00:03]} O-O {[%emt 0:00:05]} 12. Bxg7 {[%emt 0:00:04]} Kxg7 {[%emt 0:00:00]} 13. Qd2 {[%emt 0:00:03]} dxe4 {[%emt 0:00:02]} 14. Qg5+ {[%emt 0:00:01]} Kh8 {[%emt 0:00:01]} 15. Qf6+ {[%emt 0:00:00]} Kg8 {[%emt 0:00:00]} 16. Qg5+ {[%emt 0:00:01]} Kh8 {[%emt 0:00:00]} 17. Qf6+ {[%emt 0:00:43]} Kg8 {[%emt 0:00:00]} 18. Qg5+ {[%emt 0:00:00]} Kh8 {[%emt 0:00:01]} 1/2-1/2

[Event "Speed Chess Championship 2020"]
[Site "Online"]
[Date "2020.11.11"]
[Round "1.23"]
[White "Nepomniachtchi, Ian"]
[Black "Aronian, Levon"]
[Result "1-0"]
[WhiteElo "2784"]
[BlackElo "2781"]
[Annotator "TA"]
[PlyCount "79"]
[EventDate "2020.10.31"]
[EventType "k.o."]
[SourceTitle "playchess.com"]
[Source "ChessBase"]
[SourceQuality "1"]

{[%evp 13,79,-31,-52,-48,-37,-50,-49,-54,-16,-58,-60,-122,-105,-149,-144,-134,-101,-112,-103,-110,-103,-146,-130,-127,-147,-205,-188,-245,-218,-314,-320,-454,-451,-461,-458,-439,-411,-1025,-1086,-655,-316,-443,-360,-425,-293,-436,-270,-496,-494,-482,-489,-490,-394,-436,-481,-465,-397,-430,-438,-428,992,978,29987,29988,29988,29989,29998,29999]} 1. e4 e5 2. d4 exd4 3. Qxd4 Nc6 4. Qe3 Nf6 5. Nc3 Bb4 6. Bd2 O-O 7. O-O-O Re8 8. Qf4 {C22: Centre Game.} Bxc3 (8... Ne5 9. f3 Ng6 10. Qg3 Bd6 11. Qf2 Be5 12. h4 d5 13. h5 Nf8 14. h6 g6 15. Be3 Bxc3 16. bxc3 c6 17. Ne2 Qa5 18. Qh4 {½-½ (26) Nepomniachtchi,I (2732)-Aronian,L (2793) Leuven 2017}) 9. Bxc3 Rxe4 10. Qg3 {Black is slightly better.} d5 {Black wants to play ...Rg4.} 11. f3 Re6 {[#]} 12. a3 $146 ({Better is} 12. Ne2 $15) ({Predecessor:} 12. Ne2 Rd6 13. Qf4 d4 14. Nxd4 Nd5 15. Nxc6 bxc6 16. Rxd5 cxd5 17. Be5 Re6 18. Qg3 {0-1 (29) Nepomniachtchi,I (2751)-Anand,V (2783) Saint Louis 2017}) 12... Rd6 $17 13. Bb5 d4 $36 {[%mdl 2048] Black is really pushing.} 14. Bd2 Rd5 15. Bxc6 bxc6 16. Ne2 c5 17. Bg5 Ba6 18. Nf4 {[#]} Rf5 $1 19. h4 {[#]} (19. Rhe1 $17 Qd6 20. Bxf6 Qxf6 21. Nh3) 19... Qd6 $1 $19 20. Rhe1 {[#]} (20. Qh2 $142) 20... h6 $1 {[%mdl 512]} 21. Bxh6 (21. Bxf6 $142 Qxf6 22. Nd3) 21... Nh5 22. Nxh5 (22. Qg4 {is a better defense.} Qxh6 23. Qxf5 Nxf4 24. Rd2) 22... Qxh6+ {[%mdl 64] Double Attack} 23. Kb1 {White hopes to continue with Nxg7.} Rxh5 ({Less strong is} 23... Qxh5 24. Qxc7 Qg6 25. Qd7 $19) 24. Qxc7 Qb6 25. Qd7 (25. Qxb6 $142 axb6 26. g3) 25... Bb5 26. Qg4 Qg6 (26... Rb8 $142 {...Bd7! is the strong threat.} 27. b4 (27. Qxh5 $2 {perishes.} Bc4 $19) 27... Bc4 28. Rxd4 (28. Qxh5 cxb4 29. Ka1 b3 30. Qe5 bxc2 31. Qxb8+ Qxb8 32. Rb1 Qf4 33. h5 Qd2 34. Rb8+ Kh7 35. Rh8+ {[%mdl 64] Decoy} Kxh8 36. Re8+ Kh7 37. Rh8+ Kxh8 38. g4 c1=Q#) 28... cxd4 29. Qxh5 d3) 27. Qf4 (27. Qxg6 {might work better.} fxg6 28. Re4) 27... Ba4 28. Rd2 Qf6 29. Qc7 (29. Qxf6 {was forced.} gxf6 30. Re7) 29... Rxh4 30. Rde2 $2 {[#]} (30. Qxc5 Qb6 31. Qxb6 axb6 32. b3) 30... d3 $1 31. cxd3 Bb5 32. Re3 Rd4 33. Qxc5 Bxd3+ 34. Ka1 Bg6 35. g4 Rd2 {[%csl Gd2][%cal Rf6b2]} 36. Qb4 Rad8 $4 {[%mdl 8192]} (36... Rf2 $19 37. Qb5 Qd6) 37. Re8+ $18 Kh7 38. Rh1+ {White mates.} Bh5 39. Rxh5+ Kg6 40. Qe4+ {Weighted Error Value: White=0.67/Black=0.50} 1-0

[Event "Speed Chess Championship 2020"]
[Site "Online"]
[Date "2020.11.02"]
[Round "1.23"]
[White "Vachier-Lagrave, Maxime"]
[Black "Nihal Sarin"]
[Result "1-0"]
[WhiteElo "2784"]
[BlackElo "2620"]
[Annotator "TA"]
[PlyCount "89"]
[EventDate "2020.10.31"]
[EventType "k.o."]

{[%evp 9,89,23,47,24,34,39,43,35,50,41,92,52,90,68,125,122,152,145,150,154,179,109,132,118,174,159,164,139,286,282,297,265,263,191,193,180,180,159,254,160,184,175,152,162,279,110,119,114,149,109,83,81,140,125,207,213,205,212,254,235,823,201,209,0,0,-527,450,456,29981,29982,29982,29983,29982,29983,29983,29983,4790,2776,2599,2468,2414,2217]} 1. e4 c6 2. Nf3 d5 3. Nc3 dxe4 4. Nxe4 Nf6 5. Qe2 Bf5 6. Nxf6+ {B11: Caro-Kann: Two Knights Variation.} gxf6 7. d3 Nd7 8. g3 {White is slightly better.} e6 9. Bg2 {[#]} Qc7 $146 (9... Bg4 $14) ({Predecessor:} 9... h5 10. Nh4 Bh7 11. O-O Be7 12. Bd2 f5 13. Nf3 Bf6 14. Bc3 h4 15. Nxh4 f4 {1-0 (32) Nepomniachtchi,I (2776)-Nakamura,H (2745) chess.com INT 2020}) 10. O-O O-O-O 11. Rb1 h5 (11... Bg4 $14) 12. b4 $16 {[%cal Bb2b4,Bb4b5][%mdl 32]} Nb6 13. b5 c5 14. Nh4 Bh7 15. Qxh5 (15. a4 $18) 15... Bd6 {White should prevent ...Bxd3.} 16. Qe2 Nd5 (16... Kb8 $16) 17. Bd2 Be5 18. a4 Rdg8 (18... Nc3 $16 {keeps fighting.} 19. Bxc3 Bxc3) 19. a5 $18 Qd7 20. Nf3 Bc3 21. a6 b6 22. Nh4 {And now Bxd5 would win.} Bxd2 23. Qxd2 Nc7 (23... Kd8 $16 {was called for.} 24. d4 c4) 24. Bc6 Qd4 25. Nf3 Qg4 26. Rfe1 Bf5 (26... Kb8 $142 27. Qe3 Bf5) 27. Qe2 $2 (27. Bb7+ $18 Kb8 28. Qe3) 27... Qh3 28. Qf1 $36 {[%mdl 2048] Keeping Black busy.} Qh5 29. Qg2 Bh3 30. Qh1 Bg4 ({Black should play} 30... Kd8) 31. Nd2 $16 Nd5 (31... Kd8 $16 32. h4 e5) 32. Bxd5 $18 exd5 33. c4 Rd8 34. Re7 Qg5 $2 (34... Be6 35. Rxa7 Qe2) 35. f4 $2 (35. cxd5 {d6 would kill now.} Qxd5 36. Qxd5 Rxd5 37. Rxa7) 35... Qf5 36. Qg2 $2 ({Don't blunder} 36. Rxa7 $2 Qxd3 37. Qg2 Qe3+ 38. Qf2 (38. Kh1 $2 Bh3 $19) 38... Qxf2+ 39. Kxf2 Rxh2+ 40. Kg1 Rxd2 $19) ({Only move:} 36. Re3 $1 $18) 36... Qxd3 $11 37. Rxa7 $2 {[%mdl 8192] [#]} (37. Rbe1 $11 {and White is okay.} Qd4+ 38. Kh1) 37... Be2 $4 {[%mdl 8192] [#]} (37... Qe3+ $1 $19 38. Qf2 (38. Kh1 $2 Bh3 $19) 38... Qxf2+ {[%mdl 64] Overworked Piece} 39. Kxf2 Rxh2+ 40. Kg1 Rxd2 41. Ra8+ Kd7 42. Rxd8+ Kxd8) 38. Re7 $1 $18 {Threatens to win with a7.} Rhe8 {[#]} (38... Qd4+ $18 39. Kh1 Qxd2) 39. a7 $1 {[%cal Ra7a8][%mdl 512]} Rxe7 40. a8=Q+ {[%mdl 64] Double Attack} Kc7 41. Qc6+ Kb8 42. Qxb6+ {[%mdl 64] Double Attack} Kc8 43. Qc6+ {White is clearly winning.} Rc7 44. Qa8+ Kd7 45. Qaxd5+ {Av CentiPawn Loss W=-85/B=563. Weighted=-85/72} 1-0

[Event "Speed Chess Championship 2020"]
[Site "Online"]
[Date "2020.11.04"]
[Round "1.23"]
[White "Firouzja, Alireza"]
[Black "Fedoseev, Vladimir"]
[Result "1/2-1/2"]
[WhiteElo "2749"]
[BlackElo "2676"]
[Annotator "ChessBase"]
[PlyCount "157"]
[EventDate "2020.10.31"]
[EventType "k.o."]
[SourceTitle "playchess.com"]
[Source "ChessBase"]
[SourceQuality "1"]
[TimeControl "60+1"]

1. Nf3 {[%emt 0:00:01]} Nf6 {[%emt 0:00:01]} 2. g3 {[%emt 0:00:00]} g6 {[%emt 0:00:00]} 3. Bg2 {[%emt 0:00:01]} Bg7 {[%emt 0:00:00]} 4. O-O {[%emt 0:00:00]} O-O {[%emt 0:00:01]} 5. d4 {[%emt 0:00:00]} d5 {[%emt 0:00:00]} 6. c4 {[%emt 0:00:00]} c6 {[%emt 0:00:01]} 7. Ne5 {[%emt 0:00:01]} b6 {[%emt 0:00:06]} 8. Nc3 {[%emt 0:00:02]} Bb7 {[%emt 0:00:00]} 9. cxd5 {[%emt 0:00:01]} cxd5 {[%emt 0:00:01]} 10. Bg5 {[%emt 0:00:01]} Nbd7 {[%emt 0:00:03]} 11. Qb3 {[%emt 0:00:06]} h6 {[%emt 0:00:06]} 12. Bf4 {[%emt 0:00:08]} e6 {[%emt 0:00:03]} 13. Rac1 {[%emt 0:00:02]} Nxe5 {[%emt 0:00:03]} 14. Bxe5 {[%emt 0:00:01]} Ba6 {[%emt 0:00:01]} 15. Qa3 {[%emt 0:00:02]} Bb7 {[%emt 0:00:04]} 16. Nb5 {[%emt 0:00:01]} Ne8 {[%emt 0:00:04]} 17. Bxg7 {[%emt 0:00:11]} Kxg7 {[%emt 0:00:01]} 18. Qb4 {[%emt 0:00:07]} a6 {[%emt 0:00:06]} 19. Nc3 {[%emt 0:00:01]} Qd6 {[%emt 0:00:02]} 20. Qb3 {[%emt 0:00:01]} Nf6 {[%emt 0:00:03]} 21. Rcd1 {[%emt 0:00:03]} Rfc8 {[%emt 0:00:02]} 22. f3 {[%emt 0:00:01]} b5 {[%emt 0:00:04]} 23. e4 {[%emt 0:00:01]} Qb6 {[%emt 0:00:01]} 24. e5 {[%emt 0:00:03]} Nd7 {[%emt 0:00:01]} 25. f4 {[%emt 0:00:05]} Rc4 {[%emt 0:00:01]} 26. Ne2 {[%emt 0:00:01]} Rac8 {[%emt 0:00:01]} 27. g4 {[%emt 0:00:01]} f5 {[%emt 0:00:03]} 28. gxf5 {[%emt 0:00:03]} exf5 {[%emt 0:00:01]} 29. Qe3 {[%emt 0:00:05]} Nf8 {[%emt 0:00:01]} 30. h4 {[%emt 0:00:04]} h5 {[%emt 0:00:02]} 31. Nc3 {[%emt 0:00:02]} Ne6 {[%emt 0:00:06]} 32. Bxd5 {[%emt 0:00:05]} Bxd5 {[%emt 0:00:03]} 33. Nxd5 {[%emt 0:00:00]} Qd8 {[%emt 0:00:01]} 34. Nf6 {[%emt 0:00:02]} Rxd4 {[%emt 0:00:01]} 35. Rxd4 {[%emt 0:00:01]} Qxd4 {[%emt 0:00:00]} 36. Qxd4 {[%emt 0:00:02]} Nxd4 {[%emt 0:00:01]} 37. Rd1 {[%emt 0:00:01]} Ne2+ {[%emt 0:00:04]} 38. Kf2 {[%emt 0:00:01]} Nxf4 {[%emt 0:00:01]} 39. Rd7+ {[%emt 0:00:01]} Kf8 {[%emt 0:00:00]} 40. Nh7+ {[%emt 0:00:01]} Kg8 {[%emt 0:00:01]} 41. Nf6+ {[%emt 0:00:04]} Kf8 {[%emt 0:00:01]} 42. Kf3 {[%emt 0:00:02]} Ne6 {[%emt 0:00:01]} 43. Rd6 {[%emt 0:00:00]} Kf7 {[%emt 0:00:02]} 44. Rxa6 {[%emt 0:00:01]} Rc4 {[%emt 0:00:02]} 45. Ra7+ {[%emt 0:00:01]} Kf8 {[%emt 0:00:01]} 46. Ra8+ {[%emt 0:00:01]} Kf7 {[%emt 0:00:00]} 47. Ra7+ {[%emt 0:00:01]} Kf8 {[%emt 0:00:01]} 48. Kg3 {[%emt 0:00:03]} Rc2 {[%emt 0:00:06]} 49. b3 {[%emt 0:00:00]} Rc3+ {[%emt 0:00:01]} 50. Kf2 {[%emt 0:00:01]} b4 {[%emt 0:00:02]} 51. Rb7 {[%emt 0:00:02]} Rc2+ {[%emt 0:00:01]} 52. Kg3 {[%emt 0:00:01]} Rxa2 {[%emt 0:00:01]} 53. Rxb4 {[%emt 0:00:00]} Rd2 {[%emt 0:00:00]} 54. Rb7 {[%emt 0:00:02]} Rd3+ {[%emt 0:00:02]} 55. Kf2 {[%emt 0:00:01]} Nc5 {[%emt 0:00:02]} 56. Rc7 {[%emt 0:00:02]} Ne4+ {[%emt 0:00:02]} 57. Nxe4 {[%emt 0:00:02]} fxe4 {[%emt 0:00:00]} 58. b4 {[%emt 0:00:00]} Rb3 {[%emt 0:00:08]} 59. Rb7 {[%emt 0:00:01]} Rh3 {[%emt 0:00:03]} 60. b5 {[%emt 0:00:01]} Rxh4 {[%emt 0:00:01]} 61. b6 {[%emt 0:00:02]} Rh2+ {[%emt 0:00:00]} 62. Ke3 {[%emt 0:00:01]} Rb2 {[%emt 0:00:01]} 63. Kxe4 {[%emt 0:00:01]} h4 {[%emt 0:00:01]} 64. Kd5 {[%emt 0:00:03]} h3 {[%emt 0:00:00]} 65. Kc6 {[%emt 0:00:00]} Kg8 {[%emt 0:00:02]} 66. Rb8+ {[%emt 0:00:01]} Kg7 {[%emt 0:00:01]} 67. Ra8 {[%emt 0:00:01]} Rb1 {[%emt 0:00:01]} 68. Ra2 {[%emt 0:00:00]} g5 {[%emt 0:00:00]} 69. e6 {[%emt 0:00:01]} Kf6 {[%emt 0:00:01]} 70. Re2 {[%emt 0:00:01]} Ke7 {[%emt 0:00:01]} 71. Re5 {[%emt 0:00:01]} g4 {[%emt 0:00:01]} 72. Rh5 {[%emt 0:00:01]} Kxe6 {[%emt 0:00:01]} 73. b7 {[%emt 0:00:01]} Kf6 {[%emt 0:00:01]} 74. Rb5 {[%emt 0:00:01]} Rxb5 {[%emt 0:00:01]} 75. Kxb5 {[%emt 0:00:01]} h2 {[%emt 0:00:01]} 76. b8=Q {[%emt 0:00:02]} h1=Q {[%emt 0:00:00]} 77. Qf4+ {[%emt 0:00:00]} Ke6 {[%emt 0:00:00]} 78. Qxg4+ {[%emt 0:00:01]} Ke7 {[%emt 0:00:01]} 79. Qg5+ {[%emt 0:00:00]} 1/2-1/2

[Event "Speed Chess Championship 2020"]
[Site "Online"]
[Date "2020.11.15"]
[Round "1.23"]
[White "Duda, Jan-Krzysztof"]
[Black "Caruana, Fabiano"]
[Result "1-0"]
[WhiteElo "2743"]
[BlackElo "2823"]
[Annotator "ChessBase"]
[PlyCount "67"]
[EventDate "2020.10.31"]
[EventType "k.o."]
[EventCountry "NET"]
[SourceTitle "playchess.com"]
[Source "ChessBase"]
[SourceQuality "1"]
[TimeControl "60+1"]

1. d4 {[%emt 0:00:01]} Nf6 {[%emt 0:00:01]} 2. c4 {[%emt 0:00:00]} g6 {[%emt 0:00:00]} 3. g3 {[%emt 0:00:00]} Bg7 {[%emt 0:00:00]} 4. Bg2 {[%emt 0:00:01]} d6 {[%emt 0:00:00]} 5. Nf3 {[%emt 0:00:00]} O-O {[%emt 0:00:00]} 6. O-O {[%emt 0:00:00]} Nc6 {[%emt 0:00:01]} 7. Nc3 {[%emt 0:00:02]} a6 {[%emt 0:00:00]} 8. b3 {[%emt 0:00:02]} Rb8 {[%emt 0:00:01]} 9. Bb2 {[%emt 0:00:07]} b5 {[%emt 0:00:01]} 10. cxb5 {[%emt 0:00:01]} axb5 {[%emt 0:00:00]} 11. Rc1 {[%emt 0:00:02]} Bd7 {[%emt 0:00:01]} 12. e3 {[%emt 0:00:01]} e6 {[%emt 0:00:01]} 13. Qe2 {[%emt 0:00:02]} Ne7 {[%emt 0:00:01]} 14. b4 {[%emt 0:00:02]} Ned5 {[%emt 0:00:04]} 15. a3 {[%emt 0:00:03]} c6 {[%emt 0:00:02]} 16. e4 {[%emt 0:00:06]} Nb6 {[%emt 0:00:02]} 17. e5 {[%emt 0:00:01]} Ne8 {[%emt 0:00:04]} 18. Ne4 {[%emt 0:00:01]} d5 {[%emt 0:00:02]} 19. Nc5 {[%emt 0:00:01]} Nc4 {[%emt 0:00:01]} 20. Rc3 {[%emt 0:00:00]} Nc7 {[%emt 0:00:02]} 21. Bc1 {[%emt 0:00:01]} Ra8 {[%emt 0:00:01]} 22. h4 {[%emt 0:00:00]} h6 {[%emt 0:00:04]} 23. Nh2 {[%emt 0:00:03]} Na6 {[%emt 0:00:02]} 24. Nxd7 {[%emt 0:00:07]} Qxd7 {[%emt 0:00:01]} 25. Ng4 {[%emt 0:00:00]} h5 {[%emt 0:00:01]} 26. Nf6+ {[%emt 0:00:00]} Bxf6 {[%emt 0:00:01]} 27. exf6 {[%emt 0:00:00]} Rfe8 {[%emt 0:00:08]} 28. g4 {[%emt 0:00:10]} e5 {[%emt 0:00:02]} 29. Rg3 {[%emt 0:00:11]} exd4 {[%emt 0:00:04]} 30. Qd1 {[%emt 0:00:00]} hxg4 {[%emt 0:00:04]} 31. Rxg4 {[%emt 0:00:02]} Nc7 {[%emt 0:00:09]} 32. h5 {[%emt 0:00:02]} Qf5 {[%emt 0:00:05]} 33. hxg6 {[%emt 0:00:02]} fxg6 {[%emt 0:00:00]} 34. Rf4 {[%emt 0:00:00]} 1-0

[Event "Speed Chess Championship 2020"]
[Site "Online"]
[Date "2020.11.12"]
[Round "1.23"]
[White "Nakamura, Hikaru"]
[Black "Martirosyan, Haik M."]
[Result "1-0"]
[WhiteElo "2736"]
[BlackElo "2622"]
[Annotator "ChessBase"]
[PlyCount "47"]
[EventDate "2020.10.31"]
[EventType "k.o."]
[SourceTitle "playchess.com"]
[Source "ChessBase"]
[SourceQuality "1"]
[TimeControl "60+1"]

1. b3 {[%emt 0:00:01]} Nf6 {[%emt 0:00:01]} 2. Bb2 {[%emt 0:00:00]} g6 {[%emt 0:00:00]} 3. e3 {[%emt 0:00:00]} Bg7 {[%emt 0:00:01]} 4. Nf3 {[%emt 0:00:00]} O-O {[%emt 0:00:01]} 5. d4 {[%emt 0:00:00]} d5 {[%emt 0:00:01]} 6. Be2 {[%emt 0:00:01]} b6 {[%emt 0:00:01]} 7. O-O {[%emt 0:00:00]} Bb7 {[%emt 0:00:00]} 8. Nbd2 {[%emt 0:00:00]} c5 {[%emt 0:00:01]} 9. dxc5 {[%emt 0:00:01]} bxc5 {[%emt 0:00:00]} 10. c4 {[%emt 0:00:00]} e6 {[%emt 0:00:01]} 11. cxd5 {[%emt 0:00:01]} exd5 {[%emt 0:00:00]} 12. Rc1 {[%emt 0:00:00]} Nbd7 {[%emt 0:00:00]} 13. Ne5 {[%emt 0:00:01]} Rc8 {[%emt 0:00:04]} 14. Nxd7 {[%emt 0:00:01]} Qxd7 {[%emt 0:00:00]} 15. Bxf6 {[%emt 0:00:00]} Bxf6 {[%emt 0:00:03]} 16. Bg4 {[%emt 0:00:01]} Qe7 {[%emt 0:00:01]} 17. Bxc8 {[%emt 0:00:00]} Rxc8 {[%emt 0:00:00]} 18. Nf3 {[%emt 0:00:01]} Kg7 {[%emt 0:00:02]} 19. Re1 {[%emt 0:00:00]} Qd6 {[%emt 0:00:01]} 20. e4 {[%emt 0:00:01]} Re8 {[%emt 0:00:13]} 21. e5 {[%emt 0:00:02]} Bxe5 {[%emt 0:00:01]} 22. Nxe5 {[%emt 0:00:01]} Rxe5 {[%emt 0:00:01]} 23. Rxe5 {[%emt 0:00:00]} Qxe5 {[%emt 0:00:00]} 24. Rxc5 {[%emt 0:00:00]} 1-0